समय कम है / (Record no. 114861)

MARC details
000 -LEADER
fixed length control field 00972nam a22002537a 4500
005 - DATE AND TIME OF LATEST TRANSACTION
control field 20170124103015.0
010 ## - LIBRARY OF CONGRESS CONTROL NUMBER
LC control number A-702590
020 ## - INTERNATIONAL STANDARD BOOK NUMBER
Terms of availability 60.00
035 ## - SYSTEM CONTROL NUMBER
System control number A-702590
037 ## - SOURCE OF ACQUISITION
Source of stock number/acquisition Cen Lib/Ret
040 ## - CATALOGING SOURCE
Original cataloging agency DPL
Language of cataloging HN
082 ## - DEWEY DECIMAL CLASSIFICATION NUMBER
Classification number
Item number शर्माक्षि
100 ## - MAIN ENTRY--PERSONAL NAME
Personal name शर्मा, क्षितिज
9 (RLIN) 58713
245 ## - TITLE STATEMENT
Title समय कम है /
Statement of responsibility, etc क्षितिज शर्मा
246 ## - VARYING FORM OF TITLE
Title proper/short title Samay kam hai /
Remainder of title by Shitij Sharma
260 ## - PUBLICATION, DISTRIBUTION, ETC. (IMPRINT)
Place of publication, distribution, etc दिल्ली
Name of publisher, distributor, etc सुनील साहित्य सदन
Date of publication, distribution, etc 1994
270 ## - ADDRESS
City दिल्ली
Address ए-101, उत्तरी घोंडा
Postal code 110053
300 ## - PHYSICAL DESCRIPTION
Extent 142पृ.
Dimensions 17सेमी (सजिल्द)
650 ## - SUBJECT ADDED ENTRY--TOPICAL TERM
Topical term or geographic name as entry element हिन्दी -- साहित्य
9 (RLIN) 58714
650 ## - SUBJECT ADDED ENTRY--TOPICAL TERM
Topical term or geographic name as entry element हिन्दी -- कहानी
9 (RLIN) 779
650 ## - SUBJECT ADDED ENTRY--TOPICAL TERM
Topical term or geographic name as entry element Hindi -- Literature
9 (RLIN) 58715
650 ## - SUBJECT ADDED ENTRY--TOPICAL TERM
Topical term or geographic name as entry element Hindi -- Story
9 (RLIN) 43117
942 ## - ADDED ENTRY ELEMENTS (KOHA)
Source of classification or shelving scheme Dewey Decimal Classification
Koha item type Hindi Books
Classification part
Call number suffix शर्माक्षि
Holdings
Withdrawn status Lost status Damaged status Not for loan Home library Current library Date acquired Source of acquisition Cost, normal purchase price Total Checkouts Full call number Barcode Date last seen Copy number Cost, replacement price Price effective from Koha item type Public note
Written off       Central Library Central Library 18/08/2015 Cen Lib/Ret 60.00   क शर्माक्षि A-702590 18/08/2015 1 60.00 18/08/2015 Hindi Books Written off on approval by DLB (By Circulation); dtd 15-06-2023
        Central Library Central Library 21/08/2015 Cen Lib/Ret 60.00   क शर्माक्षि A-702589 21/08/2015 1 60.00 21/08/2015 Hindi Books  

© Delhi Public Library
Hit Counter
free hit counter